000 00677nam a22001937a 4500
999 _c17789
_d17789
008 221221b ||||| |||| 00| 0 eng d
020 _a9781265755010
082 _22022
_aDC 158.39
_bSt491
100 _aStewart, Charles J.
_947249
245 _aInterviewing :
_bprinciples and practices /
_cCharles J. Stewart.
250 _aSixteenth edition.
260 _aNew York :
_bMcGraw Hill,
_c©2022.
300 _axx, 344 pages :
_billustrations ;
_c23 cm.
500 _aIncludes glossary and indexes.
650 _aInterviewing
_xTextbooks.
_947250
650 _aCounseling
_xTextbooks.
_947251
650 _aEmployment interviewing
_xTextbooks.
_947252
942 _2ddc
_cDC